Tiempos Del Cólera P100-110 - Statistics

General Stats
  • This quiz has been taken 4 times
  • The average score is 37 of 68
Answer Stats
Term Answer % Correct
Contestación Answer
100%
Cautiverio Captivity
100%
Castidad Chastity
100%
Conquista Conquest
100%
Grillo Cricket
100%
Reclamar Demand
100%
Laborioso Hardworking
100%
Infortunio Misfortune
100%
Escarmiento Punishment
100%
Reapertura Reopening
100%
Disturbio Riot
100%
Buque Ship
100%
Patrocinar Sponsor
100%
Callejero Stray
100%
Tropa Troop
100%
Inalcanzable Unattainable
100%
Suscitar Arouse
50%
Bautisterio Baptistery
50%
Generalizarse Become Widespread
50%
Empastar Bind
50%
Breviario Brief
50%
Ternero Calf
50%
Clarividencia Clairvoyance
50%
Sangre Fría Coolness
50%
Urbanidad Courtesy
50%
Asolar Devastate
50%
Desaliento Discouragement
50%
Perdición Downfall
50%
Rescoldo Ember
50%
Consulta Enquiry
50%
Retozo Frolicking
50%
Guarnición Garrison
50%
Generalizar Generalise
50%
Herbario Herbal
50%
Visillo Lace Curtain
50%
Marcial Martial
50%
Indigente Needy
50%
Pasividad Passiveness
50%
Pastorear Pasture
50%
Promisorio Promising
50%
Amedrentar Scare
50%
Litoral Seaboard
50%
Presentir Sense
50%
Grillos Shackles
50%
Barbear Shave
50%
Acechanza Stalking
50%
Mezquino Stingy
50%
Hebra Strand
50%
Tranco Stride
50%
Subsistencia Subsistence
50%
Pretendiente Suitor
50%
Clave De Sol Treble Clef
50%
Gallinazo Turkey Vulture
50%
Nervadura Veins
50%
Voracidad Voracity
50%
Lagartija Wall Lizard
50%
Ventolera Wild Idea
50%
Berenjena Aubergine
0%
Ricino Castor Oil Plant
0%
Sumario Concise
0%
Expósito Foundling
0%
Escollo Hurdle
0%
Perentorio Imperative
0%
Concupiscente Lewd
0%
Extravío Loss
0%
Inclemente Merciless
0%
Convalecencia Recovery
0%
Celada Ruse
0%
No matching quizzes found
Score Distribution
Percent of People with Each Score
Percentile by Number Answered
Your Score History
You have not taken this quiz